000 01125nam a2200253 i 4500
001 187075
003 SpMaBN
005 20230906222818.0
008 170410s1988 sp |||| | spa d
020 _a84-7719-095-X
080 _a016:327.32(460)"19"
080 _a016:821.134.2-94"19"
111 2 _aColoquio de Historia Contemporánea (
_n2º.
_d1987.
_cLeón)
_9162327
245 1 3 _aLa revolución rusa 70 años después
_b: actas del Segundo Coloquio de Historia Contemporánea : Universidad de León [del 11 al 13 de noviembre de 1987] /
_cF. Carantoña A., G. Puente F., eds. ; Mijail D. Karpachev ... [et al.].
260 _aLeón :
_bUniversidad, Secretariado de Publicaciones,
_c[1988]
300 _a223 p. ;
_c21 cm.
504 _aReferencias bibliográficas.
650 7 _aMovimiento obrero-
_zEspaña-
_yS.XX-
_vCongresos y asambleas.
_9162328
651 7 _aRusia-
_xHistoria-
_y1917-1921, Revolución-
_vCongresos y asambleas.
_9162329
700 1 _aCarantoña Álvarez, Francisco.
_9162330
700 1 _aKarpachev, Mijail D.
_9162331
710 2 _aUniversidad de León.
_97200
852 _aES-MaACL
_jL-31396
999 _c187075
_d187075